La Russie Sovietique et la question d'Orient : la poussee sovietique vers les mer chaudes : Mediterranee et Golfe persique
Αποθηκεύτηκε σε:
| Κύριος συγγραφέας: | |
|---|---|
| Μορφή: | Βιβλίο |
| Γλώσσα: | French |
| Δημοσίευση: |
Paris :
Les Editions Internationales,
1946.
|
| Θέματα: | |
| Ετικέτες: |
Προσθήκη ετικέτας
Δεν υπάρχουν, Καταχωρήστε ετικέτα πρώτοι!
|
MARC
| LEADER | 00000cam a2200000 i 4500 | ||
|---|---|---|---|
| 001 | 1/6602 | ||
| 008 | 000615s1946 fr | ||| |||| ||fre|| | ||
| 035 | |l 10061989 | ||
| 040 | |a GR-MyUa |b gre |e AACR2 | ||
| 041 | 0 | |a fre | |
| 082 | 7 | |a 947.000953 | |
| 100 | 1 | |a Lacoste, Raymond. | |
| 245 | 1 | 3 | |a La Russie Sovietique et la question d'Orient : |b la poussee sovietique vers les mer chaudes : Mediterranee et Golfe persique / |c Raymond Lacoste. |
| 260 | |a Paris : |b Les Editions Internationales, |c 1946. | ||
| 300 | |a 238 σ. |b χάρ. ; |c 23 εκ. | ||
| 651 | 0 | |a Turkey |x Foreign relations |z Soviet Union. | |
| 651 | 0 | |a Iran |x Foreign relations |z Soviet Union. | |
| 852 | |a INST |b LESVOS |e 20000615 |h 947.000953 LAC |p 005100023643 |q 005100023643 |t BK |y 0 | ||
| 970 | |z 2000/06/ΟΙΚΟΝΟΜΟΠΟΥΛΟΥ ΧΡΙΣΤΙΝΑ | ||